01026nam0a22002531 4500001001100000005001700011021001900028035002600047100004100073101000800114102000700122105001800129200005800147210004700205215002200252225006200274300004300336606013500379606014100514700005800655801001800713801002200731852001900753rc\486179220250613021832.0 aRUb[61-60480] a(NLR Aleph) 008904937 a20130426d1961 |||y0rusy50 ca0 arus aRU aa z |||||1 aПолюстровские домостроители aЛенинградcЛениздатd1961 a48 с.cил.d171 aМосква и Ленинград соревнуются aНа обл. авт. не указан aДомостроительные комбинатыxСоциалистическое соревнованиеyМосква2psbo aДомостроительные комбинатыxСоциалистическое соревнованиеyЛенинград2psbo 1aХотяновbС.Л.gСемен Лазаревич 0aRUbNLRgpsbo 1aRUbELAR2rusmarc aNLRj61-2/2324